Využitie kvantitatívnych metód vo vedeckovýskumnej činnosti a v praxi XV zborník zo seminára, 24. - 26. mája 2023, Púchov

Salvato in:
Dettagli Bibliografici
Enti autori: Využitie kvantitatívnych metód vo vedeckovýskumnej činnosti a v praxi XV. Seminár, Slovenská spoločnosť pre operačný výskum
Altri autori: Reiff, Marian, 1978-, Lukáčik, Martin, 1974-, Brezina, Ivan, ml, Dováľová, Gabriela, 1982-, Fendek, Michal
Natura: Libro
Lingua:slovacco
inglese
Pubblicazione: Bratislava Letra Edu 2023
Edizione:1. vydanie
Soggetti:
Tags: Aggiungi Tag
Nessun Tag, puoi essere il primo ad aggiungerne!!

MARC

LEADER 00000nlm a2200000 4500
001 0297532
005 20250619090520.6
020 |a 978-80-69021-03-7 
041 0 |a slo 
041 0 |a eng 
044 |a SK 
245 1 0 |a Využitie kvantitatívnych metód vo vedeckovýskumnej činnosti a v praxi XV  |b zborník zo seminára, 24. - 26. mája 2023, Púchov  |c zostavovateľ: Marian Reiff, web editor: Martin Lukáčik ; recenzenti: Ivan Brezina ml., Gabriela Dováľová, Michal Fendek... [et al.] 
250 |a 1. vydanie 
264 1 |a Bratislava  |b Letra Edu  |c 2023 
300 |a 92 s. [5,95AH] 
610 2 0 |a veda ekonomická 
610 2 0 |a výskum 
610 2 0 |a metódy kvantitatívne 
610 2 0 |a modelovanie ekonometrické 
610 2 0 |a metódy optimalizačné 
610 2 0 |a algoritmy 
610 2 0 |a teória hier 
700 1 |a Reiff, Marian, 1978- 
700 1 |a Lukáčik, Martin, 1974- 
700 1 |a Brezina, Ivan, ml. 
700 1 |a Dováľová, Gabriela, 1982- 
700 1 |a Fendek, Michal 
110 2 |a Využitie kvantitatívnych metód vo vedeckovýskumnej činnosti a v praxi XV. Seminár 
710 2 |a Slovenská spoločnosť pre operačný výskum